[Event "OP-2012-0-02558"]
[Site "LSS email"]
[Date "2012.12.24"]
[Round "?"]
[White "Bianchi, Lucas"]
[Black "Richter, Klaus"]
[Result "0-1"]
[WhiteElo "1204"]
[BlackElo "1666"]
[PlyCount "44"]
[EventDate "2012.12.20"]
[EventType "tourn (corr)"]
[EventRounds "4"]
[EventCountry "GER"]
[SourceTitle "Telechess CBM 159"]
[Source "ChessBase"]
[SourceDate "2014.03.17"]
[SourceVersion "1"]
[SourceVersionDate "2014.03.17"]
[SourceQuality "1"]

1. d4 d5 2. c4 Bf5 3. Nc3 e6 4. Nf3 Nc6 5. Bf4 Nf6 6. e3 Bb4 7. Qb3 a5 8. a4 Nh5 9. Bg3 0-0 10. cxd5 Nxg3 11. hxg3 exd5 12. 0-0-0 Bxc3 13. bxc3 b6 14. Bb5 Qd6 15. Rh5 Ne7 16. Be2 Bg6 17. Rh2 c5 18. Rdh1 cxd4 19. exd4 Rfc8 20. Kd1 Rc7 21. Ne5 Rac8 22. Nxg6 Nxg6 0-1

[Event "OP-2012-0-02558"]
[Site "LSS email"]
[Date "2012.12.24"]
[Round "?"]
[White "Hernandez Molina, David Enrique"]
[Black "Bianchi, Lucas"]
[Result "1-0"]
[WhiteElo "2096"]
[BlackElo "1204"]
[PlyCount "47"]
[EventDate "2012.12.20"]
[EventType "tourn (corr)"]
[EventRounds "4"]
[EventCountry "GER"]
[SourceTitle "Telechess CBM 159"]
[Source "ChessBase"]
[SourceDate "2014.03.17"]
[SourceVersion "1"]
[SourceVersionDate "2014.03.17"]
[SourceQuality "1"]

1. e4 c5 2. Nf3 d6 3. d4 cxd4 4. Nxd4 Nf6 5. Nc3 a6 6. Be3 e5 7. Nb3 Be6 8. f3 Be7 9. Qd2 Nbd7 10. g4 Nb6 11. 0-0-0 0-0 12. h4 Rc8 13. Kb1 Nfd7 14. g5 Qc7 15. h5 f5 16. g6 h6 17. Bxh6 f4 18. Bxg7 Kxg7 19. Qh2 Kh6 20. Rg1 Bxb3 21. axb3 Rg8 22. Bh3 Rg7 23. Be6 Qd8 24. Ne2 1-0

[Event "OP-2012-0-02517"]
[Site "LSS email"]
[Date "2012.11.28"]
[Round "?"]
[White "Bianchi, Lucas"]
[Black "Laureles, Raymundo"]
[Result "1-0"]
[WhiteElo "1193"]
[BlackElo "1022"]
[PlyCount "77"]
[EventDate "2012.11.24"]
[EventType "tourn (corr)"]
[EventRounds "4"]
[EventCountry "GER"]
[SourceTitle "Telechess CBM 161"]
[Source "ChessBase"]
[SourceDate "2014.07.16"]
[SourceVersion "1"]
[SourceVersionDate "2014.07.16"]
[SourceQuality "1"]

1. d4 Nf6 2. c4 e5 3. dxe5 Ne4 4. Nf3 Bb4+ 5. Nbd2 Nc6 6. e3 Qe7 7. Bd3 Nxd2 8. Bxd2 Bxd2+ 9. Qxd2 Nxe5 10. Nxe5 Qxe5 11. 0-0 d6 12. b4 0-0 13. Qc2 f5 14. Rac1 b6 15. c5 bxc5 16. bxc5 Rf6 17. cxd6 cxd6 18. Qc7 Be6 19. Qb7 Raf8 20. Qxa7 Rh6 21. g3 f4 22. exf4 Qh5 23. h4 Rxf4 24. Rfe1 Rf8 25. Qe3 Rf3 26. Qe4 d5 27. Qd4 g5 28. Rc7 Rf7 29. Rxf7 Qxf7 30. hxg5 Rh5 31. Qe5 Bg4 32. Qb8+ Kg7 33. Be2 Bxe2 34. Qe5+ Kg6 35. Rxe2 Rxg5 36. Qd6+ Kh5 37. Re6 Qg7 38. Qf4 Rg4 39. Re5+ 1-0

[Event "ZI-2012-0-01421"]
[Site "LSS email"]
[Date "2012.11.19"]
[Round "?"]
[White "Germanes, Ramil"]
[Black "Bianchi, Lucas"]
[Result "1-0"]
[WhiteElo "1516"]
[BlackElo "1486"]
[PlyCount "43"]
[EventDate "2012.11.14"]
[EventType "match (corr)"]
[EventRounds "2"]
[EventCountry "GER"]
[SourceTitle "Telechess CBM 165"]
[Source "ChessBase"]
[SourceDate "2015.03.11"]
[SourceVersion "1"]
[SourceVersionDate "2015.03.11"]
[SourceQuality "1"]

1. e4 c5 2. Nf3 d6 3. d4 cxd4 4. Nxd4 Nf6 5. Nc3 a6 6. Be3 e5 7. Nb3 Be6 8. f3 Be7 9. Qd2 Nbd7 10. g4 Nb6 11. 0-0-0 Rc8 12. Kb1 0-0 13. h4 Nc4 14. Bxc4 Bxc4 15. h5 b5 16. g5 Nd7 17. Rdg1 Nc5 18. g6 a5 19. h6 fxg6 20. hxg7 Rxf3 21. Bxc5 dxc5 22. Qh6 1-0

[Event "OP-2012-0-02469"]
[Site "LSS email"]
[Date "2012.10.28"]
[Round "?"]
[White "Bianchi, Lucas"]
[Black "Vontina, Maria"]
[Result "1-0"]
[WhiteElo "1486"]
[BlackElo "761"]
[PlyCount "45"]
[EventDate "2012.10.24"]
[EventType "tourn (corr)"]
[EventRounds "4"]
[EventCountry "GER"]
[SourceTitle "Telechess CBM 163"]
[Source "ChessBase"]
[SourceDate "2014.11.11"]
[SourceVersion "2"]
[SourceVersionDate "2014.11.11"]
[SourceQuality "1"]

1. d4 Nf6 2. c4 g6 3. Nc3 Bg7 4. e4 d6 5. Nf3 Bg4 6. Be2 0-0 7. 0-0 a6 8. Be3 Nc6 9. d5 Nb8 10. Nd4 Bc8 11. f4 c5 12. dxc6 Nxc6 13. Qd2 Nxd4 14. Bxd4 Qc7 15. b3 Be6 16. f5 Bd7 17. g4 h6 18. Nd5 Nxd5 19. exd5 Rac8 20. Kh1 g5 21. Bxg7 Kxg7 22. f6+ exf6 23. Qd4 1-0

[Event "OP-2012-0-02469"]
[Site "LSS email"]
[Date "2012.10.28"]
[Round "?"]
[White "Hogan, Bernardo"]
[Black "Bianchi, Lucas"]
[Result "1/2-1/2"]
[WhiteElo "1191"]
[BlackElo "1486"]
[PlyCount "56"]
[EventDate "2012.10.24"]
[EventType "tourn (corr)"]
[EventRounds "4"]
[EventCountry "GER"]
[SourceTitle "Telechess CBM 163"]
[Source "ChessBase"]
[SourceDate "2014.11.11"]
[SourceVersion "2"]
[SourceVersionDate "2014.11.11"]
[SourceQuality "1"]

1. d4 d5 2. c4 dxc4 3. Nf3 Nf6 4. e3 c5 5. Bxc4 e6 6. 0-0 Nc6 7. Nc3 cxd4 8. exd4 Be7 9. Bg5 h6 10. Bh4 0-0 11. a3 b6 12. Qd3 Bb7 13. Rad1 Nd5 14. Nxd5 exd5 15. Bxe7 dxc4 16. Bxd8 cxd3 17. Bh4 g5 18. d5 gxh4 19. dxc6 Bxc6 20. Rxd3 Bb5 21. Rfd1 Bxd3 22. Rxd3 Rad8 23. Rxd8 Rxd8 24. h3 Rd1+ 25. Kh2 Rf1 26. b4 Rxf2 27. Nxh4 Ra2 28. Nf5 Rxa3 1/2-1/2

[Event "RD-2012-0-00075"]
[Site "LSS email"]
[Date "2012.10.28"]
[Round "?"]
[White "Laczay, Istvan"]
[Black "Bianchi, Lucas"]
[Result "1-0"]
[WhiteElo "1490"]
[BlackElo "1486"]
[PlyCount "77"]
[EventDate "2012.06.11"]
[EventType "tourn (corr)"]
[EventRounds "6"]
[EventCountry "GER"]
[SourceTitle "Telechess CBM 163"]
[Source "ChessBase"]
[SourceDate "2014.11.11"]
[SourceVersion "2"]
[SourceVersionDate "2014.11.11"]
[SourceQuality "1"]

1. d4 Nf6 2. c4 g6 3. Nc3 d5 4. cxd5 Nxd5 5. e4 Nxc3 6. bxc3 Bg7 7. Bc4 c5 8. Ne2 Nc6 9. Be3 0-0 10. 0-0 b6 11. dxc5 Qc7 12. Nd4 Ne5 13. Be2 bxc5 14. Nb5 Qc6 15. Qd5 Bb7 16. Qxc6 Bxc6 17. Bxc5 Bxe4 18. Bxa7 Rfc8 19. a4 Nc4 20. Rfe1 Nb2 21. Bf1 Bc6 22. Reb1 Bxb5 23. axb5 Bxc3 24. b6 Nc4 25. b7 Bxa1 26. Rxa1 Nd6 27. bxa8Q Rxa8 28. g4 Nc8 29. Bd4 Rxa1 30. Bxa1 Nd6 31. f4 Ne4 32. Bg2 Nd2 33. Kf2 Nb3 34. Bc3 e6 35. h4 Kf8 36. Bb4+ Ke8 37. Bc6+ Kd8 38. Ke3 Na1 39. Ba4 1-0

[Event "Villa Ballester Verano op 62nd"]
[Site "Villa Ballester"]
[Date "2012.01.21"]
[Round "3"]
[White "Bianchi, Lucas"]
[Black "Pravettoni, Ezequiel"]
[Result "1-0"]
[WhiteElo "2224"]
[BlackElo "1581"]
[PlyCount "63"]
[EventDate "2012.01.19"]
[EventType "swiss"]
[EventRounds "9"]
[EventCountry "ARG"]
[SourceTitle "EXT 2013"]
[Source "ChessBase"]
[SourceDate "2012.11.22"]
[SourceVersion "1"]
[SourceVersionDate "2012.11.22"]
[SourceQuality "1"]

1. d4 Nf6 2. c4 g6 3. Nc3 Bg7 4. e4 d6 5. Nf3 0-0 6. Be2 e5 7. d5 Nh5 8. g3 a5 9. Bg5 Nf6 10. Nd2 Na6 11. 0-0 Bh3 12. Re1 Qd7 13. f3 Ne8 14. a3 c6 15. b4 axb4 16. axb4 Nac7 17. Rxa8 Nxa8 18. Qa1 Nec7 19. Qa7 f6 20. Be3 Qc8 21. c5 Ne8 22. dxc6 bxc6 23. Ba6 Qd8 24. Bb7 Nac7 25. Bxc6 f5 26. exf5 gxf5 27. Nd5 Nxd5 28. Bxd5+ Kh8 29. c6 Qc7 30. b5 Qc8 31. b6 Nf6 32. b7 1-0

[Event "Buenos Aires Bolivar op 4th"]
[Site "Buenos Aires"]
[Date "2011.06.20"]
[Round "6"]
[White "Bianchi, Lucas"]
[Black "Rasgido, Alejandro"]
[Result "1-0"]
[WhiteElo "2224"]
[BlackElo "2019"]
[PlyCount "72"]
[EventDate "2011.06.13"]
[EventType "swiss"]
[EventRounds "9"]
[EventCountry "ARG"]
[SourceTitle "EXT 2014"]
[Source "ChessBase"]
[SourceDate "2013.11.20"]
[SourceVersion "1"]
[SourceVersionDate "2013.11.20"]
[SourceQuality "1"]

1. d4 d5 2. c4 c6 3. Nc3 Nf6 4. Nf3 a6 5. c5 Bg4 6. Ne5 Bf5 7. Qb3 Qc8 8. h3 Nbd7 9. Bf4 Nxe5 10. Bxe5 Nd7 11. Bh2 e5 12. e3 Be7 13. g4 Bg6 14. 0-0-0 b6 15. f4 exf4 16. exf4 f5 17. Bd3 0-0 18. cxb6 Rb8 19. Qc2 Nxb6 20. Rde1 Bd6 21. h4 h6 22. h5 Bh7 23. g5 Kh8 24. Rhg1 c5 25. Qf2 c4 26. Bc2 Qd7 27. Bg3 a5 28. gxh6 gxh6 29. Bh4 Rbe8 30. Re5 Qf7 31. Bd1 Rg8 32. Rge1 Bxe5 33. dxe5 Re6 34. Bf3 Rc6 35. Qd4 Qe6 36. Bf6+ Rg7 1-0

[Event "Buenos Aires Bolivar op 4th"]
[Site "Buenos Aires"]
[Date "2011.06.15"]
[Round "3"]
[White "De Dovitiis, Alejo"]
[Black "Bianchi, Lucas"]
[Result "1/2-1/2"]
[WhiteElo "2357"]
[BlackElo "2224"]
[PlyCount "55"]
[EventDate "2011.06.13"]
[EventType "swiss"]
[EventRounds "9"]
[EventCountry "ARG"]
[SourceTitle "EXT 2014"]
[Source "ChessBase"]
[SourceDate "2013.11.20"]
[SourceVersion "1"]
[SourceVersionDate "2013.11.20"]
[SourceQuality "1"]

1. e4 c5 2. Nf3 d6 3. d4 cxd4 4. Nxd4 Nf6 5. Nc3 a6 6. g3 Nc6 7. Bg2 Nxd4 8. Qxd4 e6 9. 0-0 Be7 10. e5 dxe5 11. Qxe5 Bd6 12. Qe2 0-0 13. Bg5 Be7 14. Rfd1 Qc7 15. Bf4 Qa5 16. a3 Re8 17. b4 Qf5 18. Ne4 e5 19. Nxf6+ Bxf6 20. Be3 e4 21. Bd4 Bd7 22. c4 Rac8 23. Rac1 Ba4 24. Rd2 Rcd8 25. Bxf6 Rxd2 26. Qxd2 Qxf6 27. Re1 Bc6 28. h4 1/2-1/2

[Event "Buenos Aires Bolivar op 4th"]
[Site "Buenos Aires"]
[Date "2011.06.14"]
[Round "2"]
[White "Bianchi, Lucas"]
[Black "Lopez, Fernando1111"]
[Result "1-0"]
[WhiteElo "2224"]
[BlackElo "1749"]
[PlyCount "65"]
[EventDate "2011.06.13"]
[EventType "swiss"]
[EventRounds "9"]
[EventCountry "ARG"]
[SourceTitle "EXT 2014"]
[Source "ChessBase"]
[SourceDate "2013.11.20"]
[SourceVersion "1"]
[SourceVersionDate "2013.11.20"]
[SourceQuality "1"]

1. d4 Nf6 2. c4 g6 3. Nc3 Bg7 4. e4 d6 5. Nf3 0-0 6. Be2 e5 7. d5 a5 8. Bg5 h6 9. Bh4 g5 10. Bg3 Nh5 11. Nd2 Nf4 12. 0-0 f5 13. exf5 Nxe2+ 14. Qxe2 Bxf5 15. Nde4 Nd7 16. Rac1 Rf7 17. Rfd1 Nf8 18. c5 Ng6 19. cxd6 cxd6 20. Nb5 Ra6 21. Qc4 Rb6 22. f3 g4 23. fxg4 Bxe4 24. Qxe4 Nf4 25. a4 Ra6 26. Rf1 Qf8 27. Nc7 Rb6 28. Ne6 Nxe6 29. dxe6 Rxf1+ 30. Rxf1 Qe8 31. Qd5 Kh8 32. Bh4 Rc6 33. e7 1-0

[Event "ZI-2010-0-00715"]
[Site "LSS email"]
[Date "2010.05.05"]
[Round "?"]
[White "Bianchi, Lucas"]
[Black "Ferluga, Sergio"]
[Result "0-1"]
[WhiteElo "1238"]
[BlackElo "1464"]
[PlyCount "30"]
[EventDate "2010.04.30"]
[EventType "match (corr)"]
[EventRounds "2"]
[EventCountry "GER"]
[SourceTitle "Corr 2013"]
[Source "ChessBase"]
[SourceDate "2012.11.12"]
[SourceVersion "1"]
[SourceVersionDate "2012.11.12"]
[SourceQuality "1"]

1. d4 e6 2. c4 Nf6 3. Nf3 b6 4. g3 Ba6 5. b3 d5 6. Bg2 Bb4+ 7. Bd2 Bd6 8. Nc3 0-0 9. cxd5 exd5 10. 0-0 Nbd7 11. Re1 Re8 12. Qc2 c5 13. dxc5 Nxc5 14. Nd4 Rc8 15. Qb2 Qd7 0-1

[Event "LSS SD-2010-0-00055"]
[Site "LSS email"]
[Date "2010.04.26"]
[Round "?"]
[White "Bianchi, Lucas"]
[Black "Naess, Jan Olav"]
[Result "0-1"]
[WhiteElo "1238"]
[BlackElo "1727"]
[PlyCount "22"]
[EventDate "2010.02.26"]
[EventType "tourn (corr)"]
[EventRounds "6"]
[EventCountry "GER"]
[SourceTitle "Corr 2013"]
[Source "ChessBase"]
[SourceDate "2012.11.12"]
[SourceVersion "1"]
[SourceVersionDate "2012.11.12"]
[SourceQuality "1"]
[WhiteTeam "US of America"]
[BlackTeam "US of America"]
[WhiteTeamCountry "USA"]
[BlackTeamCountry "USA"]

1. d4 d5 2. c4 c6 3. Nf3 Nf6 4. Nc3 e6 5. Bg5 Nbd7 6. e3 Qa5 7. Nd2 dxc4 8. Bxf6 Nxf6 9. Nxc4 Qc7 10. g3 b5 11. Ne5 a6 0-1

[Event "LSS BI-2010-P-00003"]
[Site "LSS email"]
[Date "2010.04.19"]
[Round "?"]
[White "Bianchi, Lucas"]
[Black "Martins, Karin"]
[Result "0-1"]
[WhiteElo "1238"]
[BlackElo "1561"]
[PlyCount "24"]
[EventDate "2010.04.22"]
[EventType "tourn (corr)"]
[EventRounds "10"]
[EventCountry "GER"]
[SourceTitle "Corr 2015"]
[Source "ChessBase"]
[SourceDate "2015.07.17"]
[SourceVersion "1"]
[SourceVersionDate "2015.07.17"]
[SourceQuality "1"]

1. d4 Nf6 2. c4 e6 3. Nf3 d5 4. Nc3 Nbd7 5. Bg5 c6 6. e3 Qa5 7. Nd2 dxc4 8. Bxf6 Nxf6 9. Nxc4 Qc7 10. g3 Be7 11. Bg2 0-0 12. 0-0 Rd8 0-1

[Event "LSS BI-2010-P-00003"]
[Site "LSS email"]
[Date "2010.04.19"]
[Round "?"]
[White "Bianchi, Lucas"]
[Black "Sciarretta, Robert W"]
[Result "0-1"]
[WhiteElo "1238"]
[BlackElo "2095"]
[PlyCount "48"]
[EventDate "2010.04.22"]
[EventType "tourn (corr)"]
[EventRounds "10"]
[EventCountry "GER"]
[SourceTitle "Telechess CBM 141"]
[Source "ChessBase"]
[SourceDate "2011.03.17"]
[SourceVersion "1"]
[SourceVersionDate "2011.03.17"]
[SourceQuality "1"]

1. c4 c5 2. Nc3 Nc6 3. g3 g6 4. Bg2 Bg7 5. e3 e5 6. Nge2 Nge7 7. 0-0 d6 8. d3 0-0 9. Rb1 a6 10. a3 Be6 11. Nd5 Rb8 12. b4 b5 13. Bd2 Bf5 14. e4 Bg4 15. bxc5 dxc5 16. f3 Be6 17. Qc2 Qd6 18. Rfc1 Rfd8 19. cxb5 Rxb5 20. Rxb5 axb5 21. Qxc5 Bxd5 22. Qxd6 Rxd6 23. exd5 Rxd5 24. Rc3 Rd8 0-1

[Event "LSS BI-2010-P-00003"]
[Site "LSS email"]
[Date "2010.04.19"]
[Round "?"]
[White "Chatzisotiriou, Petros"]
[Black "Bianchi, Lucas"]
[Result "1-0"]
[WhiteElo "1150"]
[BlackElo "1238"]
[PlyCount "29"]
[EventDate "2010.04.22"]
[EventType "tourn (corr)"]
[EventRounds "10"]
[EventCountry "GER"]
[SourceTitle "Corr 2013"]
[Source "ChessBase"]
[SourceDate "2012.11.12"]
[SourceVersion "1"]
[SourceVersionDate "2012.11.12"]
[SourceQuality "1"]

1. d4 Nf6 2. c4 c5 3. d5 e6 4. Nc3 exd5 5. cxd5 d6 6. e4 g6 7. h3 Bg7 8. Nf3 0-0 9. Be2 b5 10. Bxb5 Nxe4 11. Nxe4 Qa5+ 12. Qd2 Qxb5 13. Nxd6 Qd7 14. Nxc8 Re8+ 15. Kd1 1-0

[Event "LSS No Engine Cup 18 Preliminary 3"]
[Site "LSS email"]
[Date "2010.03.05"]
[Round "?"]
[White "Bianchi, Lucas"]
[Black "Yangibayev, Rustam"]
[Result "1-0"]
[WhiteElo "1592"]
[BlackElo "727"]
[PlyCount "41"]
[EventDate "2010.03.06"]
[EventType "tourn (corr)"]
[EventRounds "6"]
[EventCountry "GER"]
[SourceTitle "Corr 2013"]
[Source "ChessBase"]
[SourceDate "2012.11.12"]
[SourceVersion "1"]
[SourceVersionDate "2012.11.12"]
[SourceQuality "1"]

1. d4 Nf6 2. c4 g6 3. Nc3 Bg7 4. e4 d6 5. f3 Nc6 6. Be3 e5 7. Nge2 exd4 8. Nxd4 Bd7 9. Qd2 a6 10. Be2 0-0 11. 0-0 Re8 12. Rfd1 Ne5 13. Rac1 Rc8 14. a4 Be6 15. Nd5 c6 16. Nxe6 Rxe6 17. Nf4 Re7 18. Qxd6 Qxd6 19. Rxd6 Bf8 20. Rxf6 Bg7 21. Rd6 1-0

[Event "LSS SD-2010-0-00051"]
[Site "LSS email"]
[Date "2010.02.23"]
[Round "?"]
[White "Bianchi, Lucas"]
[Black "Metz, Larry R"]
[Result "0-1"]
[WhiteElo "1238"]
[BlackElo "1512"]
[PlyCount "50"]
[EventDate "2010.01.04"]
[EventType "tourn (corr)"]
[EventRounds "6"]
[EventCountry "GER"]
[SourceTitle "Telechess CBM 141"]
[Source "ChessBase"]
[SourceDate "2011.03.17"]
[SourceVersion "1"]
[SourceVersionDate "2011.03.17"]
[SourceQuality "1"]

1. d4 d5 2. c4 c6 3. Nf3 Nf6 4. Nc3 dxc4 5. a4 Bf5 6. Ne5 Nbd7 7. Nxc4 e6 8. f3 Bg6 9. e4 Bb4 10. Be2 0-0 11. 0-0 Qc7 12. Be3 Rad8 13. Qc1 Qc8 14. a5 Be7 15. Rd1 h6 16. Ra4 a6 17. b3 Bh7 18. Ra2 Bg6 19. Na4 Nh7 20. Bf4 Bg5 21. Nab6 Bxf4 22. Nxc8 Bxc1 23. Ne7+ Kh8 24. Nxg6+ fxg6 25. Rxc1 Rb8 0-1

[Event "LSS SN-2010-0-00218"]
[Site "LSS email"]
[Date "2010.01.30"]
[Round "?"]
[White "Bianchi, Lucas"]
[Black "Venturas, Bob"]
[Result "1-0"]
[WhiteElo "800"]
[BlackElo "581"]
[PlyCount "65"]
[EventDate "2010.01.13"]
[EventType "tourn (corr)"]
[EventRounds "6"]
[EventCountry "GER"]
[SourceTitle "Corr 2013"]
[Source "ChessBase"]
[SourceDate "2012.11.12"]
[SourceVersion "1"]
[SourceVersionDate "2012.11.12"]
[SourceQuality "1"]
[WhiteTeam "US of America"]
[BlackTeam "US of America"]
[WhiteTeamCountry "USA"]
[BlackTeamCountry "USA"]

1. d4 d5 2. c4 h6 3. Nc3 Nf6 4. cxd5 Nxd5 5. e4 Nxc3 6. bxc3 a6 7. Bc4 Nc6 8. Ne2 e5 9. 0-0 Be7 10. h3 0-0 11. f4 exd4 12. cxd4 Kh8 13. Be3 f5 14. e5 b5 15. Bd3 Qe8 16. a3 Bb7 17. Qc2 Qg6 18. Rf2 Bh4 19. g4 Bxf2+ 20. Kxf2 Ne7 21. Qxc7 Qc6 22. Qxc6 Bxc6 23. Rc1 Rac8 24. gxf5 Nxf5 25. Bxf5 Rc7 26. Be4 Rfc8 27. Bxc6 Rxc6 28. Rxc6 Rxc6 29. d5 Rc8 30. d6 Rd8 31. Bc5 Kg8 32. e6 g6 33. e7 1-0

[Event "Villa Ballester Verano op 60th"]
[Site "Villa Ballester"]
[Date "2010.01.24"]
[Round "4"]
[White "Bianchi, Lucas"]
[Black "Perez Ponsa, Federico"]
[Result "0-1"]
[WhiteElo "2141"]
[BlackElo "2437"]
[PlyCount "122"]
[EventDate "2010.01.20"]
[EventType "swiss"]
[EventRounds "9"]
[EventCountry "ARG"]
[SourceTitle "CBM 134 Extra"]
[Source "ChessBase"]
[SourceDate "2010.03.03"]
[SourceVersion "1"]
[SourceVersionDate "2010.03.03"]
[SourceQuality "1"]

1. Nf3 Nf6 2. g3 g6 3. Bg2 Bg7 4. 0-0 0-0 5. d3 d6 6. Nc3 e5 7. e4 Nc6 8. h3 h6 9. Be3 Bd7 10. Qd2 Kh7 11. Kh2 Nh5 12. d4 f5 13. exf5 gxf5 14. dxe5 dxe5 15. Rad1 Be6 16. Bc5 Qxd2 17. Rxd2 Rf7 18. Rfd1 Re8 19. Ne2 Bc8 20. Ba3 e4 21. Nfd4 Nxd4 22. Nxd4 f4 23. gxf4 Nxf4 24. Ne2 Nxg2 25. Kxg2 e3 26. fxe3 Rxe3 27. Ng1 b6 28. Rf2 Bb7+ 29. Kf1 Ba6+ 30. Kg2 Bf6 31. Rf4 h5 32. c4 Bb7+ 33. Kf2 Re4 34. Rxe4 Bxe4 35. Ke3 Bc2 36. Rd5 c6 37. Rd6 c5 38. Nf3 Bb1 39. b4 cxb4 40. Bxb4 Bxa2 41. h4 Kg7 42. c5 Be7 43. Rd2 Be6 44. Bc3+ Kf8 45. cxb6 axb6 46. Ne5 Bc5+ 47. Bd4 Ra7 48. Bxc5+ bxc5 49. Ng6+ Ke8 50. Nf4 Bf7 51. Ke4 c4 52. Rc2 Ke7 53. Nd5+ Kd6 54. Nf4 Ra1 55. Kf5 Kc5 56. Kg5 Kb4 57. Ne2 Re1 58. Ng3 Kb3 59. Rf2 Be8 60. Rf8 c3 61. Rf3 Kb2 0-1

[Event "Pan American-ch U18"]
[Site "Mar del Plata"]
[Date "2009.08.19"]
[Round "5"]
[White "Bianchi, Lucas"]
[Black "Terry, Renato"]
[Result "0-1"]
[WhiteElo "2144"]
[BlackElo "2385"]
[PlyCount "122"]
[EventDate "2009.08.16"]
[EventType "swiss"]
[EventRounds "9"]
[EventCountry "ARG"]
[SourceTitle "EXT 2022"]
[Source "ChessBase"]
[SourceDate "2021.10.06"]
[SourceVersion "1"]
[SourceVersionDate "2021.10.06"]
[SourceQuality "1"]

1. d4 g6 2. c4 Bg7 3. Nc3 d6 4. e4 Nd7 5. Nf3 e5 6. Be2 Ne7 7. 0-0 0-0 8. d5 h6 9. Ne1 f5 10. Nd3 g5 11. f3 f4 12. c5 dxc5 13. Na4 b6 14. b4 c4 15. Nf2 b5 16. Nc3 Nb6 17. Nxb5 c6 18. dxc6 Nxc6 19. a4 Qxd1 20. Nxd1 Nd4 21. Ndc3 Bd7 22. Nd6 Rf6 23. Nf5 Nxe2+ 24. Nxe2 Bxf5 25. exf5 Rxf5 26. b5 e4 27. fxe4 Bxa1 28. exf5 Re8 29. Kf2 Nxa4 30. Bxf4 Bb2 31. Be3 Re5 32. g4 Nc5 33. Rd1 Nd3+ 34. Kf3 Rxb5 35. Bxa7 Ne5+ 36. Ke4 Nxg4 37. Rd8+ Kf7 38. Bd4 Bxd4 39. Rxd4 Re5+ 40. Kf3 Nxh2+ 41. Kf2 Rxf5+ 42. Kg2 Nf1 43. Rd7+ Ke8 44. Rh7 Ne3+ 45. Kg3 Rf7 46. Rh8+ Kd7 47. Nc3 g4 48. Ne4 Rf3+ 49. Kh2 Rh3+ 50. Kg1 Kc6 51. Rd8 Nf5 52. Rf8 Nd4 53. Rc8+ Kd5 54. Nf6+ Ke6 55. Ne4 c3 56. Kg2 c2 57. Nf2 Ra3 58. Re8+ Kf7 59. Rc8 h5 60. Rc4 Ra1 61. Nd3 Rd1 0-1

[Event "Pan American-ch U18"]
[Site "Mar del Plata"]
[Date "2009.08.19"]
[Round "6"]
[White "Pena Morales, Hugo"]
[Black "Bianchi, Lucas"]
[Result "1-0"]
[WhiteElo "2107"]
[BlackElo "2144"]
[PlyCount "93"]
[EventDate "2009.08.16"]
[EventType "swiss"]
[EventRounds "9"]
[EventCountry "ARG"]
[SourceTitle "EXT 2022"]
[Source "ChessBase"]
[SourceDate "2021.10.06"]
[SourceVersion "1"]
[SourceVersionDate "2021.10.06"]
[SourceQuality "1"]

1. d4 Nf6 2. c4 g6 3. Nc3 Bg7 4. e4 d6 5. Be2 0-0 6. Bg5 h6 7. Be3 e5 8. d5 Ne8 9. Qd2 Kh7 10. g4 a6 11. h4 Nd7 12. h5 g5 13. f3 Rb8 14. Nh3 Qe7 15. 0-0 Ndf6 16. Nf2 Bh8 17. Nh1 Ng7 18. Ng3 Rd8 19. b4 c6 20. Bb6 Rg8 21. Rad1 Ngxh5 22. gxh5 g4 23. f4 Nxh5 24. Nxh5 Qh4 25. f5 Rg5 26. Bd3 Rxh5 27. Qg2 Bd7 28. Bf2 Qe7 29. Bg3 Rh3 30. Kf2 Qd8 31. Ke2 Qg5 32. Rh1 Rg8 33. Rdg1 Rxh1 34. Rxh1 Qe7 35. Qh2 Qf8 36. Nd1 b5 37. Ne3 bxc4 38. Bxc4 c5 39. Qh5 f6 40. Nxg4 Rg5 41. Qxh6+ Qxh6 42. Rxh6+ Kg7 43. Rh4 Be8 44. Kf2 Bh5 45. bxc5 dxc5 46. Nxe5 fxe5 47. Bxe5+ 1-0